1011 1170 1782 1498 1814 1450 1894 1912 1513 1019 1290 1612 1313 1628 1805 1724 1055 1475 1677 1152 1056 1044 1688 1166 1230 1009 1673 1346 1983 1249 1340 1603 1867 1233 1051 1033 1988 1057 1035 1877 1410 1785 1507 1070 1105 1277 1291 1841 1959 1702 1459 1117 1814 1121 1400 1113 1885 1894 1030 1882 1283 1582 1038 1733 1496 1006 1169 1401 1299 1832 1521 1509 1845 1797 1367 1010 1837 1224 1014 1873 1391 1466 1003 1543 1390 1002 1320 1317 1915 1039 1793 1932 1643 1505 1112 1168 1256 1063 1502 BCNSPRNW ULIB Ver.6.0+V

เปลี่ยนเป็นภาษาไทย

Change to English
 แสดงรายละเอียดบรรณานุกรม
  กลับหน้าหลัก

Brief Record : Get Marc (ISO 2709) : E-mail record : QR code < ปิดหน้าต่าง
LEADER : 00000nam 2200000uu 4500
001    13399113158
003     ULIB
008    110928s2550||||th 000 0 tha d
020    9789744896650
050 04 QA76.75^bบ242ม 2550
100 0  บอกอ ปะยิ
245 10 มือใหม่หัดใช้ PowerPoint 2007/^cบอกอ ปะยิ
250    พิมพ์ครั้งที่ 1
260    กรุงเทพฯ :^bซัคเซส มีเดีย,^c2550
300    224 หน้า :^bภาพประกอบ ;^c22 ซม
650  7 power point
650  7 โปรแกรมคอมพิวเตอร์
710 1  ซัคเซส มีเดีย
945    ^p99^l0^i027694
995    ทศพร
999 ^a ทศพร
รายการนี้ยังไม่มีแท็ก
คุณยังไม่ได้ล็อกอิน คุณสามารถมีกิจกรรมร่วมกับเว็บไซต์ได้ แต่ต้องล็อกอินก่อน ::
  ล็อกอิน

รายการสื่อสารสนเทศ

ลำดับที่ ประเภท เลขเรียก/บาร์โค้ด สถานที่ สถานะ
- ไม่พบข้อมูล -

รายการใกล้เคียง
    ผู้แต่ง [บอกอ ปะยิ]

    หัวเรื่อง [power point]
    หัวเรื่อง [โปรแกรมคอมพิวเตอร์]

BibComment


ยังไม่เคยถูกคอมเมนท์

คอมเมนท์ทรัพยากรรายการนี้
  คอมเมนท์: มือใหม่หัดใช้ Pow..


 Copyright 2026. Bcnsprnw @Library